| 000 | 00911nam a2200289Ia 4500 | ||
|---|---|---|---|
| 001 | dia_167 | ||
| 003 | CHAP | ||
| 005 | 20221207122833.0 | ||
| 008 | 220117s1974 xx 000 0 und d | ||
| 010 | _a170596 | ||
| 040 | _cCHAP | ||
| 082 | _a330.015195 M36 1974 | ||
| 100 |
_aMartínez Garza, Ángel _972079 |
||
| 245 |
_aMétodos econométricos : proyecto de investigación / _c Angel Martínez Garza |
||
| 260 |
_aMéxico : _b E.N.A. Colegio de Posgraduados, _c1974 |
||
| 300 | _a225 p. | ||
| 504 | _aBibliografía: p. 223-225 | ||
| 590 | _aHB141 M36 1974 | ||
| 650 |
_aEconometría _935201 |
||
| 650 |
_aEconometrics _9147423 |
||
| 650 |
_aEconomía _xMétodos estadísticos _935252 |
||
| 650 |
_aEconomics _xStatistical methods _9147424 |
||
| 901 | _a330.015195 M36 1974 | ||
| 902 | _aM | ||
| 905 | _a5232271974 mx n 8223223322spa16 | ||
| 942 |
_cLIBRO _2ddc |
||
| 999 |
_c170596 _d170596 |
||